1264 1852 1395 1175 1659 1757 1866 1835 1201 1217 1532 1840 1440 1446 1023 1528 1576 1689 1432 1030 1348 1768 1342 1968 1530 1462 1760 1250 1319 1035 1548 1631 1943 1095 1184 1466 1913 1746 1835 1799 1898 1426 1562 1857 1372 1224 1455 1043 1174 1773 1264 1891 1472 1432 1350 1671 1492 1905 1773 1936 1653 1064 1015 1505 1246 1549 1516 1687 1076 1294 1350 1674 1062 1897 1339 1981 1994 1099 1152 1198 1883 1908 1186 1387 1714 1688 1647 1907 1940 1545 1636 1271 1570 1638 1975 1119 1584 1256 1622 BCNSPRNW ULIB Ver.6.0+V

เปลี่ยนเป็นภาษาไทย

Change to English
 แสดงรายละเอียดบรรณานุกรม
  กลับหน้าหลัก

Brief Record : Get Marc (ISO 2709) : E-mail record : QR code < ปิดหน้าต่าง
LEADER : 00000nam 2200000uu 4500
001    13399112638
003     ULIB
008    110829s2550||||th 000 0 tha d
020    974944020X
020    9789749440209
050  4 HV5740^bป196ส 2550
100 0  ประกิต วาทีสาธกกิจ
245 10 สู้เพื่อไทยไร้ควันบุหรี่ :^bบันทึกไว้เป็นประวัติศาสตร์ /^cโดย ประกิต วาทีสาธกกิจ ; คณะบรรณาธิการ, แสงเดือน สุวรรณรัศมี ... [และคนอื่นๆ]
246 30 บันทึกไว้เป็นประวัติศาสตร์ 1
250    พิมพ์ครั้งที่ 2
260    กรุงเทพฯ :^bมูลนิธิรณรงค์เพื่อการไม่สูบบุหรี่,^c2550
300    (30), 160 หน้า :^bภาพประกอบ ;^c21 ซม.
650  4 การเลิกบุหรี่^zไทย
650  4 การสูบบุหรี่^zไทย
650  4 คนสูบบุหรี่^zไทย
650  4 บุหรี่
700 0  แสงเดือน สุวรรณรัศมี,^eบรรณาธิการ
710 2  มูลนิธิรณรงค์เพื่อการไม่สูบบุหรี่
945    ^p0^l0^i020917
945    ^p155^l0^i033158
995    ทศพร
999 ^a ทศพร
รายการนี้ยังไม่มีแท็ก
คุณยังไม่ได้ล็อกอิน คุณสามารถมีกิจกรรมร่วมกับเว็บไซต์ได้ แต่ต้องล็อกอินก่อน ::
  ล็อกอิน

รายการสื่อสารสนเทศ

ลำดับที่ ประเภท เลขเรียก/บาร์โค้ด สถานที่ สถานะ
1. วิทยาศาสตร์การแพทย์ และสุขภาพ
วิทยาศาสตร์การแพทย์ และสุขภาพ
HV5740 ป196ส 2550 ฉ.2 
  Barcode: 033158
ห้องสมุดวิทยาเขตสวรรค์ประชารักษ์
►หนังสือทั่วไป
บนชั้น

รายการใกล้เคียง
    ผู้แต่ง [ประกิต วาทีสาธกกิจ]

    หัวเรื่อง [บุหรี่]

BibComment


ยังไม่เคยถูกคอมเมนท์

คอมเมนท์ทรัพยากรรายการนี้
  คอมเมนท์: สู้เพื่อไทยไร้ควั..


 Copyright 2026. Bcnsprnw @Library